[Event "94th Paris-ch  2019"]
[Site "Paris"]
[Date "2019.07.10"]
[Round "5.21"]
[White "Douriet Duany, Alexis"]
[Black "Eden, James"]
[Result "0-1"]
[WhiteElo "2247"]
[BlackElo "2343"]
[Annotator "RC"]
[PlyCount "52"]
[EventDate "2019.07.07"]
[EventType "swiss"]
[EventCountry "FRA"]
[SourceTitle "playchess.com"]
[Source "ChessBase"]
[SourceQuality "1"]
[TimeControl "5400+30"]

1. d4 d5 2. Bg5 Nf6 3. Nd2 Bf5 4. Bxf6 exf6 5. e3 Bd6 6. Ngf3 O-O 7. Nh4 Be6 8. Bd3 g6 9. Qf3 f5 10. g3 c5 11. dxc5 Bxc5 12. Nb3 d4 13. O-O-O Bxb3 14. axb3 Nc6 15. exd4 Nxd4 16. Qxb7 a5 17. Bc4 a4 18. b4 a3 19. bxa3 Bb6 20. Kb2 Qf6 21. c3 Ra7 22. Qd5 Rd8 23. Rxd4 Bxd4 24. Qf3 Bxc3+ 25. Kb3 Ba1 26. Rb1 Rd2 0-1

[Event "94th Paris-ch  2019"]
[Site "Paris"]
[Date "2019.07.11"]
[Round "6.1"]
[White "Moussard, Jules"]
[Black "Samoun, Florent"]
[Result "1-0"]
[WhiteElo "2576"]
[BlackElo "2230"]
[Annotator "RC"]
[PlyCount "67"]
[EventDate "2019.07.07"]
[EventType "swiss"]
[EventCountry "FRA"]
[SourceTitle "playchess.com"]
[Source "ChessBase"]
[SourceQuality "1"]
[TimeControl "5400+30"]

1. e4 {[%emt 0:01:42]} e6 {[%emt 0:00:02]} 2. d4 {[%emt 0:01:13]} d5 {[%emt 0:00:11]} 3. Nc3 {[%emt 0:00:05]} Bb4 {[%emt 0:02:14]} 4. a3 {[%emt 0:00:44]} Bxc3+ {[%emt 0:01:27]} 5. bxc3 {[%emt 0:00:06]} dxe4 {[%emt 0:03:40]} 6. Qg4 {[%emt 0:02:46]} Nf6 {[%emt 0:06:17]} 7. Qxg7 {[%emt 0:00:06]} Rg8 {[%emt 0:00:09]} 8. Qh6 {[%emt 0:00:05]} c5 {[%emt 0:01:10]} 9. Ne2 {[%emt 0:03:02]} Nc6 {[%emt 0:02:45]} 10. Qe3 {[%emt 0:15:30]} Rg4 {[%emt 0:13:26]} 11. h3 {[%emt 0:10:01]} Nd5 {[%emt 0:05:05]} 12. Qd2 {[%emt 0:00:14]} Rg8 {[%emt 0:04:06]} 13. Rb1 {[%emt 0:05:19]} e5 {[%emt 0:22:47]} 14. dxc5 {[%emt 0:06:31]} Be6 {[%emt 0:02:30]} 15. c4 {[%emt 0:03:37]} e3 {[%emt 0:09:43]} 16. fxe3 {[%emt 0:01:37]} Qh4+ {[%emt 0:01:55]} 17. g3 {[%emt 0:00:05]} Qxc4 {[%emt 0:02:02]} 18. Nf4 {[%emt 0:01:51]} Qa2 {[%emt 0:05:38]} 19. Rb2 {[%emt 0:02:27]} Qa1 {[%emt 0:00:26]} 20. Nxe6 {[%emt 0:05:21]} fxe6 {[%emt 0:00:10]} 21. c4 {[%emt 0:24:45]} Nxe3 {[%emt 0:03:33]} 22. Be2 {[%emt 0:00:02]} Nd4 {[%emt 0:08:17]} 23. Bh5+ {[%emt 0:01:16]} Kd8 {[%emt 0:01:53]} 24. Qxe3 {[%emt 0:00:35]} Rxg3 {[%emt 0:01:59]} 25. Qh6 {[%emt 0:00:26]} Kc7 {[%emt 0:00:33]} 26. Qxh7+ {[%emt 0:00:50]} Kc6 {[%emt 0:00:28]} 27. Qxb7+ {[%emt 0:00:32]} Kxc5 {[%emt 0:00:05]} 28. Qc7+ {[%emt 0:00:19]} Nc6 {[%emt 0:00:07]} 29. Rb5+ {[%emt 0:00:03]} Kd4 {[%emt 0:00:24]} 30. Qd6+ {[%emt 0:00:04]} Ke4 {[%emt 0:00:31]} 31. Qxc6+ {[%emt 0:00:03]} Kd3 {[%emt 0:00:07]} 32. Qd6+ {[%emt 0:02:06]} Ke4 {[%emt 0:01:04]} 33. Kf2 {[%emt 0:00:14]} Rf8+ {[%emt 0:01:14]} 34. Qxf8 {[%emt 0:00:19] Kd5} 1-0

[Event "94th Paris-ch  2019"]
[Site "Paris"]
[Date "2019.07.11"]
[Round "6.2"]
[White "Chalmeta Ugas, Ramon"]
[Black "Guliyev, Namig"]
[Result "1/2-1/2"]
[WhiteElo "2232"]
[BlackElo "2551"]
[Annotator "TA"]
[PlyCount "82"]
[EventDate "2019.07.07"]
[EventType "swiss"]
[EventCountry "FRA"]
[SourceTitle "playchess.com"]
[Source "ChessBase"]
[SourceQuality "1"]

{[%evp 14,82,14,-8,-4,-31,-8,-9,-16,-27,-17,-19,0,6,18,-39,-38,-27,-27,-27,104,41,110,113,91,94,100,42,42,28,48,29,50,36,66,45,84,69,86,76,112,107,121,102,120,43,88,81,83,89,151,137,129,135,145,97,78,62,63,57,58,46,66,15,18,14,19,16,15,19,15]} 1. e4 c5 2. Nf3 e6 3. Nc3 a6 4. g3 b5 5. Bg2 Bb7 6. d3 d6 7. O-O Nf6 8. Ng5 h6 {B40: Sicilian: 2...e6, Unusual lines} 9. Nh3 Nc6 10. f4 Be7 11. Nf2 (11. f5 b4 12. Ne2 exf5 13. Rxf5 O-O 14. c4 bxc3 15. bxc3 {0-1 (31) Zherebukh,Y (2640)-Caruana,F (2804) Saint Louis 2018}) 11... Qc7 12. Ne2 Rd8 13. c3 e5 14. Be3 $146 (14. g4 $11) ({Predecessor:} 14. d4 cxd4 15. cxd4 Nxd4 16. Nxd4 exd4 17. Qxd4 {0-1 (22) Preziuso,T-Gheorghiu,F (2455) Lenk 1994}) 14... d5 $1 $15 15. fxe5 Nxe5 16. d4 Neg4 (16... cxd4 $11 17. cxd4 dxe4) 17. Bf4 ({White should play} 17. Nxg4 $1 $16 Nxg4 18. Bf4) 17... Qb6 {[#]} (17... Qc8 $14) 18. Nxg4 $1 $16 Nxg4 {[#]} 19. e5 $1 g5 20. h3 ({White should try} 20. Bd2 $16) 20... gxf4 $14 21. hxg4 fxg3 22. Nxg3 cxd4 23. cxd4 Bc8 24. Nf5 Rg8 25. Rc1 Be6 26. Nxh6 Rh8 27. Nf5 Bg5 28. Rc3 $36 {[%mdl 2048] White is in control.} b4 ({Don't blunder} 28... Bxf5 $2 29. Rxf5 Rg8 30. a3 $18) 29. Rd3 (29. Rc5 $16) 29... Kd7 30. Qa4+ Kc7 31. a3 {[%cal Ba2a3,Ba3b4][%mdl 32]} Qb5 (31... f6 $142) 32. Qxb5 $16 axb5 33. axb4 Kb6 34. Nd6 f6 35. Rc3 fxe5 36. dxe5 Rhf8 37. Rd1 Rf4 38. Bxd5 ({Better is} 38. Rdc1 $14 Rc4 39. Nxc4+ bxc4 40. Rf1) 38... Bxd5 $11 {The position is equal.} 39. Rxd5 Rxg4+ 40. Kf2 $1 Rf8+ 41. Rf3 $1 Rxf3+ {Accuracy: White = 45%, Black = 35%.} 1/2-1/2

[Event "94th Paris-ch  2019"]
[Site "Paris"]
[Date "2019.07.11"]
[Round "6.3"]
[White "Shchekachev, Andrei"]
[Black "Stephan, Victor"]
[Result "1-0"]
[WhiteElo "2531"]
[BlackElo "2358"]
[Annotator "ChessBase"]
[PlyCount "159"]
[EventDate "2019.07.07"]
[EventType "swiss"]
[EventCountry "FRA"]
[SourceTitle "playchess.com"]
[Source "ChessBase"]
[SourceQuality "1"]
[TimeControl "5400+30"]

1. c4 {[%emt 0:00:00]} e6 {[%emt 0:01:37]} 2. g3 {[%emt 0:01:26]} d5 {[%emt 0:00:36]} 3. Bg2 {[%emt 0:00:35]} Nf6 {[%emt 0:01:01]} 4. Nf3 {[%emt 0:00:27]} c5 {[%emt 0:01:27]} 5. cxd5 {[%emt 0:01:34]} exd5 {[%emt 0:00:52]} 6. d4 {[%emt 0:01:09]} Nc6 {[%emt 0:00:19]} 7. O-O {[%emt 0:00:36]} Be7 {[%emt 0:00:20]} 8. dxc5 {[%emt 0:02:48]} Bxc5 {[%emt 0:02:10]} 9. Nc3 {[%emt 0:00:15]} O-O {[%emt 0:00:33]} 10. Na4 {[%emt 0:00:12]} Be7 {[%emt 0:05:07]} 11. Be3 {[%emt 0:03:01]} Bg4 {[%emt 0:04:05]} 12. Rc1 {[%emt 0:05:03]} Re8 {[%emt 0:02:57]} 13. Nc3 {[%emt 0:16:40]} Qd7 {[%emt 0:05:25]} 14. Qa4 {[%emt 0:02:48]} Bh3 {[%emt 0:05:51]} 15. Rfd1 {[%emt 0:01:18]} Bxg2 {[%emt 0:00:25]} 16. Kxg2 {[%emt 0:00:06]} Rad8 {[%emt 0:03:54]} 17. Qb5 {[%emt 0:10:20]} h6 {[%emt 0:07:05]} 18. a3 {[%emt 0:07:04]} b6 {[%emt 0:07:58]} 19. Bd4 {[%emt 0:11:09]} Nxd4 {[%emt 0:03:38]} 20. Qxd7 {[%emt 0:00:18]} Rxd7 {[%emt 0:00:34]} 21. Nxd4 {[%emt 0:00:14]} Bc5 {[%emt 0:04:34]} 22. e3 {[%emt 0:01:07]} Ne4 {[%emt 0:05:53]} 23. Nce2 {[%emt 0:09:38]} Kf8 {[%emt 0:03:24]} 24. Rc2 {[%emt 0:03:41]} Bxd4 {[%emt 0:02:46]} 25. Nxd4 {[%emt 0:02:46]} Nc5 {[%emt 0:01:50]} 26. Nc6 {[%emt 0:02:53]} Ne4 {[%emt 0:06:45]} 27. b4 {[%emt 0:02:26]} Nf6 {[%emt 0:02:27]} 28. b5 {[%emt 0:01:03]} Rc8 {[%emt 0:01:36]} 29. Rd4 {[%emt 0:01:15]} Rdc7 {[%emt 0:02:33]} 30. Ra4 {[%emt 0:01:22]} Ne4 {[%emt 0:00:32]} 31. Rb2 {[%emt 0:02:56]} a5 {[%emt 0:03:25]} 32. Rd4 {[%emt 0:00:14]} Nf6 {[%emt 0:01:05]} 33. f3 {[%emt 0:01:39]} Rd7 {[%emt 0:02:44]} 34. Rbd2 {[%emt 0:01:26]} Rdc7 {[%emt 0:01:44]} 35. g4 {[%emt 0:00:44]} Re8 {[%emt 0:01:24]} 36. Kf2 {[%emt 0:00:50]} g5 {[%emt 0:00:49]} 37. R4d3 {[%emt 0:00:15]} Rec8 {[%emt 0:01:03]} 38. Kg3 {[%emt 0:00:26]} Re8 {[%emt 0:02:22]} 39. h4 {[%emt 0:00:19]} gxh4+ {[%emt 0:01:15]} 40. Kxh4 {[%emt 0:00:09]} Kg7 {[%emt 0:00:15]} 41. Kg3 {[%emt 0:01:04]} Kg6 {[%emt 0:00:27]} 42. Kf4 {[%emt 0:00:56]} Re6 {[%emt 0:01:43]} 43. Rc2 {[%emt 0:00:46]} Kg7 {[%emt 0:00:50]} 44. Rdd2 {[%emt 0:00:22]} Re8 {[%emt 0:00:37]} 45. Rh2 {[%emt 0:02:08]} Ng8 {[%emt 0:01:56]} 46. Nd4 {[%emt 0:00:30]} Rc4 {[%emt 0:01:05]} 47. Rxc4 {[%emt 0:00:45]} dxc4 {[%emt 0:00:02]} 48. Nf5+ {[%emt 0:01:00]} Kf6 {[%emt 0:01:17]} 49. Rc2 {[%emt 0:02:22]} Rc8 {[%emt 0:01:34]} 50. Nd6 {[%emt 0:01:21]} Rd8 {[%emt 0:00:19]} 51. Nxc4 {[%emt 0:00:16]} Ne7 {[%emt 0:00:08]} 52. Nxb6 {[%emt 0:00:44]} Ke6 {[%emt 0:00:06]} 53. a4 {[%emt 0:00:46]} Rb8 {[%emt 0:00:30]} 54. Nc4 {[%emt 0:00:27]} Nd5+ {[%emt 0:00:14]} 55. Kg3 {[%emt 0:01:13]} Rc8 {[%emt 0:00:38]} 56. Na3 {[%emt 0:00:19]} Rxc2 57. Nxc2 {[%emt 0:00:00]} Nb6 {[%emt 0:00:12]} 58. e4 {[%emt 0:00:34]} Nxa4 {[%emt 0:00:25]} 59. Nd4+ {[%emt 0:00:22]} Kd6 {[%emt 0:00:39]} 60. Nb3 {[%emt 0:00:18]} Nc3 {[%emt 0:00:11]} 61. Nxa5 {[%emt 0:00:08]} Nxb5 {[%emt 0:00:03]} 62. Nc4+ {[%emt 0:00:53]} Ke6 {[%emt 0:00:04]} 63. f4 {[%emt 0:00:46]} Nd4 {[%emt 0:01:21]} 64. Ne3 {[%emt 0:01:01]} Ne2+ {[%emt 0:01:19]} 65. Kf3 {[%emt 0:00:01]} Nd4+ {[%emt 0:00:11]} 66. Kf2 {[%emt 0:00:01]} Kf6 {[%emt 0:00:17]} 67. Nf5 {[%emt 0:00:24]} Ne6 {[%emt 0:00:18]} 68. Ke3 {[%emt 0:00:08]} Kg6 {[%emt 0:00:48]} 69. Ng3 {[%emt 0:00:29]} Nc5 {[%emt 0:00:52]} 70. Kd4 {[%emt 0:00:16]} Nd7 {[%emt 0:00:21]} 71. e5 {[%emt 0:00:41]} Nf8 {[%emt 0:01:35]} 72. Kd5 {[%emt 0:00:13]} Nd7 {[%emt 0:00:15]} 73. Kd6 {[%emt 0:00:41]} Nb6 {[%emt 0:00:08]} 74. Nh5 {[%emt 0:00:40]} Nc4+ {[%emt 0:00:33]} 75. Ke7 {[%emt 0:00:11]} Ne3 {[%emt 0:00:25]} 76. Nf6 {[%emt 0:00:58]} Nc4 {[%emt 0:01:12]} 77. Kf8 {[%emt 0:00:50]} Ne3 {[%emt 0:00:35]} 78. Kg8 {[%emt 0:00:32]} Nc4 {[%emt 0:00:58]} 79. Nd7 {[%emt 0:00:15]} h5 {[%emt 0:00:23]} 80. Nf8+ {[%emt 0:00:33]} 1-0

[Event "94th Paris-ch  2019"]
[Site "Paris"]
[Date "2019.07.11"]
[Round "6.4"]
[White "Albaric, Etienne"]
[Black "Flom, Gabriel"]
[Result "1-0"]
[WhiteElo "2225"]
[BlackElo "2494"]
[Annotator "TA"]
[PlyCount "67"]
[EventDate "2019.07.07"]
[EventType "swiss"]
[EventCountry "FRA"]
[SourceTitle "playchess.com"]
[Source "ChessBase"]
[SourceQuality "1"]

{[%evp 18,67,12,12,18,8,22,0,0,0,0,0,0,0,52,50,63,8,64,30,66,51,59,71,82,84,85,93,88,0,218,231,258,256,632,627,601,469,2142,1641,2239,2148,29987,29988,29984,29985,29990,29991,29991,29992,29992,29992]} 1. e4 c5 2. Nf3 Nc6 3. Bb5 g6 4. O-O Bg7 5. Re1 Nf6 6. e5 Nd5 7. Nc3 Nc7 8. Bxc6 dxc6 9. Ne4 Ne6 10. d3 b6 {B31: Sicilian: 2...Nc6 3 Bb5 g6} (10... h6 11. Be3 b6 12. Qd2 Nd4 13. Nxd4 cxd4 14. Bf4 Be6 15. h4 a5 16. c4 Bf5 17. Rab1 c5 18. a3 {½-½ (35) Baklan,V (2605)-Deac,B (2598) Sovata 2018}) 11. Be3 Qc7 12. Qd2 Bxe5 {The position is equal.} 13. Nxe5 Qxe5 14. Bh6 Qxb2 15. a4 {[%cal Ba2a4,Ba4a5][%mdl 32]} Rg8 $146 (15... Qe5 $11) ({Predecessor:} 15... Qe5 16. Ng5 Qd6 17. a5 b5 18. Ne4 {1-0 (37) Perry,D (2376)-Boldysh,M (2328) ICCF email 2005}) 16. a5 $14 {[%mdl 1024] aiming for Reb1. White has compensation.} b5 17. Rab1 (17. Be3 $14) 17... Qd4 (17... Qe5 $11) 18. Be3 $1 $36 {[%cal Re3d4][%mdl 2048] White has the initiative.} Qe5 19. f4 Qd5 20. Qf2 f6 21. Nxc5 Kf7 22. Rb4 Ng7 23. Ne4 ({Better is} 23. Nb3 $16) 23... Nf5 $2 {[#]} (23... Qd8 $1 $11 {and Black is okay.}) 24. Bc5 $1 $18 {[%cal Rc5e7] And now Bxe7! would win.} (24. Bxa7 $6 h5 $16) 24... Be6 {[#]} 25. g4 $1 (25. Bxa7 h5 $16) 25... Ng7 $2 (25... Rae8 26. Nc3 (26. gxf5 gxf5+ 27. Ng3 h5 $11) (26. Bxa7 Qd7 $18) 26... Qd7 27. gxf5 Bxf5) 26. Rd4 Qa2 27. Qh4 {White threatens Qxf6+! and mate.} Ne8 (27... Rgf8 $142 28. f5 gxf5 29. gxf5 Bxf5) 28. Nc3 Qxc2 {[#]} 29. Rxe6 $1 {[%mdl 576] Double Attack} Rg7 (29... Kxe6 30. Qe1+) 30. Rxe7+ {White mates.} Kg8 31. Qe1 Rxe7 32. Qxe7 {[%csl Gc5][%cal Re7f8]} Qc1+ 33. Kg2 {[%csl Gc5][%cal Re7f8]} Qd2+ 34. Ne2 {Accuracy: White = 69%, Black = 25%.} 1-0

[Event "94th Paris-ch  2019"]
[Site "Paris"]
[Date "2019.07.11"]
[Round "6.5"]
[White "Sochacki, Christophe"]
[Black "Abergel, Thal"]
[Result "0-1"]
[WhiteElo "2481"]
[BlackElo "2450"]
[Annotator "TA"]
[PlyCount "118"]
[EventDate "2019.07.07"]
[EventType "swiss"]
[EventCountry "FRA"]
[SourceTitle "playchess.com"]
[Source "ChessBase"]
[SourceQuality "1"]

{[%evp 9,118,33,28,30,49,35,42,39,50,61,40,40,30,22,25,-22,0,-36,-29,-110,-57,-100,-94,-104,-96,-140,-86,-100,-92,-94,-80,-72,-93,-90,-50,-52,-50,-61,-60,-53,-12,-95,0,0,-11,0,0,0,0,0,0,-45,-50,-62,-54,-170,-162,-282,-270,-308,-176,-914,-781,-714,-441,-444,-446,-444,-416,-372,-251,-232,-211,-204,-204,-443,-386,-795,-789,-758,-700,-1648,-1648,-1648,-1641,-1527,-1486,-1338,-1338,-29970,-29972,-29975,-29976,-29975,-29974,-29982,-29983,-29983,-29984,-29984,-29985,-29985,-29986,-29986,-29987,-29991,-29992,-29992,-29993,-29993,-29994]} 1. e4 c5 2. Nf3 d6 3. d4 cxd4 4. Qxd4 a6 5. h3 Nf6 6. c4 {B53: Sicilian: 2...d6: Lines with Qxd4} e6 7. Nc3 Nbd7 8. g4 $146 {White is slightly better.} ({Predecessor:} 8. Be2 b6 9. O-O Bb7 10. b3 Qc7 11. Bb2 Be7 12. Rac1 O-O {1-0 (75) Kokarev,D (2639)-Gabuzyan,H (2532) Kazan 2013}) 8... Qc7 9. g5 Ne5 10. Nh2 Nc6 11. Qe3 (11. Qd1 {seems wilder.} Nd7 12. Be3 Be7 13. Ng4 b6 14. f4) 11... Nd7 12. b3 b5 13. Bb2 b4 $36 {[%mdl 2048] Black is more active.} 14. Nd1 (14. Na4 $11) 14... e5 (14... a5 $17 15. Bg2 a4) 15. Qd2 Nc5 16. Bg2 Be7 17. h4 {[#]} h6 (17... a5 $142 $1 18. Ne3 a4 19. bxa4 Nxa4) 18. Ne3 $17 hxg5 19. Nd5 Qd8 20. Nxe7 Qxe7 ({Much worse is} 20... Kxe7 21. O-O-O $11) 21. hxg5 Bb7 22. O-O-O O-O-O 23. Ng4 Rxh1 24. Rxh1 Ne6 25. Rh7 (25. g6 $11) 25... Rg8 ({Black should play} 25... Nf4 $17 26. Bh3 Kb8) 26. g6 $1 $11 fxg6 27. Bh3 Kb8 {...Ng5 is the strong threat.} 28. Nh6 $1 {[%cal Rh6g8]} Rf8 {Strongly threatening ...Ng5.} 29. Bxe6 $1 Qxe6 30. Rxg7 (30. Ng4 $5) 30... Ka8 31. Qe3 $1 Qf6 {[%mdl 64] [#] Double Attack} 32. Rd7 (32. Rg8 $1 $15) 32... Nd4 $19 33. Kd1 (33. Rh7 $142) 33... Qh4 ({Not} 33... Qxf2 34. Qxf2 Rxf2 35. Bxd4 $11) 34. Rf7 Rh8 (34... Re8 $142 35. f3 Qh1+ 36. Qe1 Qxh6 37. Bxd4 exd4 38. Qxb4 Qh1+ 39. Kc2 Rb8) 35. Rg7 $2 (35. Bxd4 exd4 36. Qxd4 Qxh6 37. Qxd6) 35... Qh1+ 36. Kd2 Qxh6 37. Qxh6 Rxh6 38. Bxd4 exd4 {[%mdl 4096] Endgame KRB-KR} 39. Kd3 Rh4 40. f3 Rh2 41. Rxg6 Rxa2 42. f4 $2 (42. Rxd6 Rb2 43. Kxd4) 42... Rb2 43. f5 $2 (43. Rxd6 Rxb3+ 44. Kxd4) 43... Rxb3+ 44. Kxd4 Rf3 45. c5 dxc5+ 46. Kxc5 Ka7 47. Kxb4 Bxe4 48. Rf6 Bb7 49. Rf7 Kb6 {Black mates.} 50. Rf8 a5+ {[%cal Ba6a5,Ba5a4,Ba4a3,Ba3a2][%mdl 32]} 51. Kc4 a4 52. f6 a3 53. Rd8 a2 54. Rd1 Be4 55. f7 Rxf7 56. Kb3 Rf2 57. Rd6+ Kb5 58. Rd1 Bc2+ {[%mdl 64] Double Attack} 59. Ka3 Rf3+ {Accuracy: White = 38%, Black = 63%.} 0-1

[Event "94th Paris-ch  2019"]
[Site "Paris"]
[Date "2019.07.11"]
[Round "6.6"]
[White "Guilleux, Fabien"]
[Black "Dutreuil, Raphael"]
[Result "1-0"]
[WhiteElo "2442"]
[BlackElo "2302"]
[Annotator "TA"]
[PlyCount "169"]
[EventDate "2019.07.07"]
[EventType "swiss"]
[EventCountry "FRA"]
[SourceTitle "playchess.com"]
[Source "ChessBase"]
[SourceQuality "1"]

{[%evp 18,169,28,14,24,-4,0,0,0,0,0,-23,31,22,39,38,66,3,57,10,144,145,224,86,113,106,122,91,91,91,116,106,108,114,126,109,129,133,129,129,120,126,132,140,136,97,105,97,97,84,84,77,89,84,106,0,97,64,67,50,50,50,84,79,84,50,64,50,50,50,50,50,66,64,66,69,77,58,58,58,58,58,58,58,58,58,58,58,77,58,58,58,77,77,77,77,77,77,77,77,77,77,12553,12553,4964,4952,12805,12812,12804,12725,12833,316,308,148,148,148,148,0,148,148,148,148,301,148,148,148,148,148,148,148,148,148,148,148,148,148,148,0,148,148,141,141,141,133,133,133,12834,294,29947,294,232,232,10241,10241]} 1. Nf3 Nf6 2. c4 c5 3. Nc3 d5 4. cxd5 Nxd5 5. d4 g6 6. e4 Nxc3 7. bxc3 Bg7 8. Be3 O-O 9. Qd2 Bg4 10. Ng5 Qa5 {D85: Exchange Grünfeld: Unusual White 7th moves and lines with 7 Nf3} (10... cxd4 11. cxd4 Nc6 12. h3 Bd7 13. Rb1 Rc8 14. Nf3 e5 15. d5 Nd4 16. Bxd4 exd4 17. Bd3 b6 18. O-O {½-½ (54) Ding,L (2547)-Li,C (2619) Danzhou 2010}) 11. h3 Bd7 12. Rc1 {[%cal Ba1c1,Bc1c7,Bc7c4,Bc4b4,Bb4b7,Bb7b5][%mdl 32]} cxd4 {The position is equal.} 13. cxd4 Qxd2+ 14. Kxd2 Nc6 (14... Rd8 $11) 15. d5 $14 Nd4 16. Rc7 $36 {[%mdl 2048] White has good play.} Rfd8 17. Bd3 $146 (17. Rxb7 $14 Rab8 18. Rxb8 (18. Rxa7 Rb2+ 19. Kd1 Nb5 $19) 18... Rxb8 19. Bc4) ({Predecessor:} 17. Rxb7 Rab8 18. Rxb8 Rxb8 {1-0 (46) Bjerke,S (2064)-Raunkjaer,J (1702) Copenhagen 2002}) 17... b5 (17... h6 $11) 18. Rhc1 {Threatening Rb7.} b4 (18... h6 $1 $11 {keeps the balance.}) 19. R7c4 $16 e5 (19... Nb5 $16) 20. dxe6 (20. Rxb4 $18 {has better winning chances.} Bf8 21. Rb7) 20... Nxe6 21. Rxb4 Bf8 22. Rb7 Bc8 23. Rb5 Rxd3+ 24. Kxd3 {Black must now prevent Nxe6.} Ba6 25. a4 $1 Rd8+ 26. Ke2 {And now Nxe6 would win.} Nxg5 27. Bxg5 Bxb5+ 28. axb5 {[%mdl 4096] Endgame KRB-KRB} Rb8 29. Be3 Rxb5 {[#]} 30. Rc8 $1 {[%mdl 512] White threatens Bh6 and mate.} g5 31. Bxa7 {aiming for Bd4.} f5 32. Kd3 Kf7 33. exf5 Rxf5 34. Bd4 h6 35. Rc7+ Kg6 36. Rc8 (36. g3 $16) 36... Rf7 (36... Kf7 $1 $11) 37. Ke4 Re7+ 38. Kd5 Rd7+ 39. Kc4 Rf7 40. Rc6+ Kh7 41. Re6 Bg7 42. Be3 Rd7 43. Ra6 Rd8 44. Ra5 Kg6 45. Rd5 Rc8+ 46. Kd3 Rc6 47. Bc5 Bf6 48. Ke4 Re6+ 49. Kf3 Rc6 50. g3 Rc7 51. Be3 Rc6 52. Rb5 Bd8 53. Bd4 Rd6 54. Be5 Re6 55. Ke4 Ra6 56. Rd5 Be7 57. f4 gxf4 58. gxf4 Ra4+ 59. Bd4 Ra3 $2 {[%mdl 8192]} (59... Bh4 $16) 60. f5+ $1 $18 Kf7 61. Rd7 Ra4 62. f6 $1 {[%mdl 64] Pin} Rxd4+ 63. Rxd4 Bxf6 {KR-KB} 64. Rc4 $2 (64. Rd6 Kg6 65. Kf4) 64... Kg6 65. Kf4 (65. Rc6 $18) 65... Bg5+ 66. Ke5 Bf6+ 67. Kf4 {Threatens to win with Rc6.} Bg5+ 68. Kg4 $1 {Strongly threatening Rc6+.} h5+ 69. Kf3 Bf6 $2 {[#]} (69... Bd2 $16 {was necessary.} 70. Rd4 Bc3) 70. Rc6 (70. Kf4 $1 $18 {and the rest is easy.}) 70... Kg5 $16 71. Rc5+ Kh4 72. Kg2 Be5 73. Rd5 Bf6 74. Ra5 Be5 75. Ra4+ Kg5 76. Kf3 Bf6 77. Rc4 (77. Re4 $16) 77... Be7 (77... Kg6 $11 78. Kf4 Bg5+ 79. Kg3 Be7 80. Rc6+ Kf5) 78. Ke3 Bf6 79. Ke4 Be7 80. Ke5 Bf6+ 81. Ke6 Bb2 $2 {[%mdl 8192]} (81... Bd8 $16 82. Ra4 Bc7) 82. Kf7 $2 (82. h4+ Kg6 83. Rc2) 82... Ba3 $2 (82... h4 $18 83. Ke6 Ba3 84. Rg4+ Kh5) 83. Kg7 $2 (83. h4+ {mates} Kh6 84. Rc6+ Kh7 85. Kf6 Bb4 86. Kg5 Bd2+ 87. Kxh5 Kg7 88. Rc2) 83... Bb2+ $18 84. Kh7 {Hoping for h4+.} Ba3 $2 {[#]} (84... h4 85. Rg4+ Kh5) 85. h4+ $1 {Accuracy: White = 50%, Black = 46%.} 1-0